000 00550nam a2200193Ia 4500
008 191130s2003##################000#0#eng##
020 _a9780060185350
040 _aACL
_cACL
082 _a641.5 LAG
100 _aLagasse, Emeril
245 _aFrom Emeril's Kitchens : favorite recipes from Emeril's restaurants
_cEmeril Lagasse
260 _aNew York
_bHarperCollins
_c2003
300 _a342 p. ; 25 cm
500 _aIncludes index
650 _aCooking
990 _a599b6549ac10000c2652363cdeedb823
991 _a301955
999 _c189039
_d189039